000 00403nam a22001697a 4500
999 _c5060
_d5058
005 20210908130647.0
008 160701b xxu||||| |||| 00| 0 eng d
020 _a978-81-8360-211-2
041 _aeng
082 _b20347
100 _aVyas AK & Rishi Dey
_93384
245 _aAn introduction to agriculture
260 _bJain Brothers
300 _a629
650 _aAgriculture
_92837
942 _cBK